Quarterly data bulletin European commercial markets (Record no. 108380)

MARC details
000 -LEADER
fixed length control field 01137cad a22002295a 4500
001 - CONTROL NUMBER
control field L144127
008 - FIXED-LENGTH DATA ELEMENTS--GENERAL INFORMATION
fixed length control field 080623s2008 xxkad f s 000 0 eng d
035 ## - SYSTEM CONTROL NUMBER
System control number (Sirsi) u144127
041 0# - LANGUAGE CODE
Language code of text/sound track or separate title eng
050 04 - LIBRARY OF CONGRESS CALL NUMBER
Classification number 333.33 $2 18
110 2# - MAIN ENTRY--CORPORATE NAME
Corporate name or jurisdiction name as entry element Savills
9 (RLIN) 2020
245 00 - TITLE STATEMENT
Title Quarterly data bulletin European commercial markets
Remainder of title quarter 1 2008
Medium [electronic resource]
260 ## - PUBLICATION, DISTRIBUTION, ETC.
Place of publication, distribution, etc. London
Name of publisher, distributor, etc. Savills
Date of publication, distribution, etc. 2008
490 #0 - SERIES STATEMENT
Series statement Quarterly Data Bulletin European Commercial Markets
Volume/sequential designation Quarter 1 2008
520 ## - SUMMARY, ETC.
Summary, etc. Reports annual prime rental growth in the first quarter of 2008 to be 11.1%, compared to 12.1% the previous quarter. Prime industrial rents increased by 6.0% on average. Prime retail rents remained stable in most markets. Forecasts the pace of average rental growth for the year 2008 to slow down across all sectors.
590 ## - LOCAL NOTE (RLIN)
Local note KA
650 24 - SUBJECT ADDED ENTRY--TOPICAL TERM
Topical term or geographic name entry element SAVILLS QUARTERLY QUARTERLY DATA BULLETIN EUROPEAN COMMERCIAL MARKETS
651 #4 - SUBJECT ADDED ENTRY--GEOGRAPHIC NAME
Geographic name Europe
690 ## - LOCAL SUBJECT ADDED ENTRY--TOPICAL TERM (OCLC, RLIN)
Topical term or geographic name as entry element PROPERTY-COMMERCIAL PROPERTY-COMMERCIAL PROPERTY MARKET
856 40 - ELECTRONIC LOCATION AND ACCESS
Uniform Resource Identifier <a href="https://www.savills.co.uk/">https://www.savills.co.uk/</a>
Public note View this report free of charge under research at www.savills.co.uk...
942 ## - ADDED ENTRY ELEMENTS (KOHA)
Suppress in OPAC 0
Holdings
Withdrawn status Lost status Source of classification or shelving scheme Damaged status Not for loan Home library Current library Shelving location Date acquired Total Checkouts Full call number Barcode Date last seen Copy number Price effective from Koha item type
    Dewey Decimal Classification     Virtual Virtual Online 23/06/2008   ONLINE PUBLICATION 144127-1001 06/08/2019 1 06/08/2019 Book